• 首页
  • 本馆介绍
  • 公告通知
  • 最新文献
  • 馆藏检索
  • 电子资源
  • 读者荐购
  • 参考咨询
  • CALIS
  • 我的图书馆
  • 登录
  • 详细信息显示
  • 放入我的书架
  • 预约/预借图书
  • 作者相关作品
  • 分类相关作品
  • 丛书相关作品
  • 出版社相关作品

书目信息

  • 表格格式
  • 工作单格式
  • 卡片格式
题名:
别墅建筑设计资料集
    
 
作者: 建筑艺术工作室 编
分册:  
出版信息: 合肥   安徽科学技术出版社  1999.03
页数: 144页
开本: 16开
丛书名:
单 册:
中图分类:
科图分类:
主题词: 民用建筑--建筑设计
电子资源:
ISBN: 7-5337-1726-0
 
 
 
 
 
000 00622nam0 2200205 45
001 9912141458
005 20000906191905.5
010    @a7-5337-1726-0@d35.00元
100    @a19991214d1999 km y0chiy0120 ea
101    @achi
105    @a z 000yy
200 1  @a别墅建筑设计资料集@ABie Shu Jian Zhu She Ji Zi Liao Ji@f建筑艺术工作室编@FJian Zhu Yi Shu Gong Zuo Shi Bian
210    @a合肥@c安徽科学技术出版社@d1999.03
215    @a144页@d16开
606 0  @a民用建筑@x建筑设计
690    @v3
690    @aTU241.1@v3
701    @a建筑艺术工作室@4编
801    @aCN@bPFTUser@c19991214
905    @dTU241.1@eJ:931@b123809-818@f10
    
    别墅建筑设计资料集/建筑艺术工作室编.-合肥:安徽科学技术出版社,1999.03
    144页;16开
    
    
    ISBN 7-5337-1726-0:35.00元
    
●
相关链接 在E读中查询图书 在当当中查询图书 在豆瓣中查询图书


正题名:别墅建筑设计资料集     索取号:TU241.1/J:931         预约/预借

序号 登录号 条形码 馆藏地/架位号 状态 备注
1 123810   201238106   建筑库101/101建筑库 64排4列4层/ [索取号:TU241.1/J:931] 在馆    
2 123811   201238115   建筑库101/101建筑库 64排4列4层/ [索取号:TU241.1/J:931] 在馆    
3 123812   201238124   建筑库101/101建筑库 64排4列4层/ [索取号:TU241.1/J:931] 在馆    
4 123813   201238133   自科二线404/404自科库 18排1列1层/ [索取号:TU241.1/J:931] 在馆    
5 123814   201238142   建筑库101/101建筑库 64排4列4层/ [索取号:TU241.1/J:931] 在馆    
6 123815   201238151   建筑库101/ [索取号:TU241.1/J:931] 在馆    
7 123816   201238160   建筑库101/101建筑库 64排4列4层/ [索取号:TU241.1/J:931] 在馆    
8 123817   201238179   建筑与城市规划学院资料室/404自科库 27排2列2层/ [索取号:TU241.1/J:931] 在馆    
9 123818   201238188   建筑库101/ [索取号:TU241.1/J:931] 在馆    
河南城建学院图书馆 欢迎您!
大连网信软件有限公司© 版权所有